• 首页
  • 本馆介绍
  • 公告通知
  • 最新文献
  • 馆藏检索
  • 电子资源
  • 读者导购
  • 参考咨询
  • 我的图书馆
  • 登录
  • 详细信息显示
  • 放入我的书架
  • 预约/预借图书
  • 作者相关作品
  • 分类相关作品
  • 丛书相关作品
  • 出版社相关作品

书目信息

  • 表格格式
  • 工作单格式
  • 卡片格式
题名:
量子计算、优化与学习
    
 
作者: 焦李成 著
分册:  
出版信息: 北京   科学出版社  2017.3
页数: 300页
开本: 24cm
丛书名:
单 册:
中图分类: TP387 , O413.1
科图分类:
主题词: 量子力学--信息技术
电子资源:
ISBN: 978-7-03-052346-4
000 01001nam0 2200253 450
001 0400004904
005 20171025134201.0
010    @a978-7-03-052346-4@b精装@dCNY130.00
100    @a20170619d2017 em y0chiy50 ea
101 0  @achi
102    @aCN@b110000
105    @aa z 000yy
106    @ar
200 1  @a量子计算、优化与学习@9liang zi ji suan、you hua yu xue xi@f焦李成[等]著
210    @a北京@c科学出版社@d2017.3
215    @a300页@c图@d24cm
304    @a著者还有:李阳阳、刘芳、马文萍、尚荣华
330    @a本书从优化和学习两个方面展开,主要内容包含:量子计算物理基础、量子搜索与优化、量子学习、量子进化组播路由、量子粒子群优化、量子进化聚类、基于核熵成分分析的量子聚类、量子粒子群数据分类、量子进化聚类图像分割、量子免疫克隆聚类SAR图像分割与变化检测、量子粒子群医学图像分割和量子聚类社区检测等。
606 0  @a量子力学@x信息技术
690    @aTP387@v5
690    @aO413.1@v5
701  0 @a焦李成@9jiao li cheng@4著
801  0 @aCN@b91MARC@c20171025
905    @b1039841-4@dTP387@f4@e49
    
    量子计算、优化与学习/焦李成[等]著.-北京:科学出版社,2017.3
    300页:图;24cm
    
    
    ISBN 978-7-03-052346-4(精装):CNY130.00
    本书从优化和学习两个方面展开,主要内容包含:量子计算物理基础、量子搜索与优化、量子学习、量子进化组播路由、量子粒子群优化、量子进化聚类、基于核熵成分分析的量子聚类、量子粒子群数据分类、量子进化聚类图像分割、量子免疫克隆聚类SAR图像分割与变化检测、量子粒子群医学图像分割和量子聚类社区检测等。
●
相关链接 在E读中查询图书 在五车中查询图书 在当当中查询图书 在豆瓣中查询图书


正题名:量子计算、优化与学习     索取号:TP387/49         预约/预借

序号 登录号 条形码 馆藏地/架位号 状态 备注
1 1039841   210398416   第二样本阅览室/ [索取号:TP387/49] 在馆    
2 1039842   210398425   第三借阅区/ [索取号:TP387/49] 在馆    
3 1039843   210398434   第三借阅区/ [索取号:TP387/49] 在馆    
4 1039844   210398443   密集书库—计算机科学学院/ [索取号:TP387/49] 在馆    
唐山师范学院图书馆 欢迎您!
大连网信软件有限公司© 版权所有